01350nam a2200253 i 4500001000700000003000700007005001700014008004100031020001800072080004000090080002000130080003800150245002800188250001200216260006700228300002000295505050800315600006200823600005900885600005300944700003900997700003501036852002501071189889SpMaBN20230906223600.0191218s1993 ck b |||| |dspa d a958-643-161-4 a017.2 Santander, Francisco de Paula a930.255(861 B.) a012 Santander, Francisco de Paula00aSantander y los libros. a1ª ed. aBogotá : bFundación Francisco de Paula Santander, c1993. a3 v. ; c28 cm.8 aContiene: I ; tEl Archivo Santander / rLuis Horacio López Domínguez con la colaboración de Ricardo Ladino Rodríguez - II. -- tPerfil biográfico y catálogo de la Biblioteca que perteneció al general Santander. Textos y cronologías / rLuis Horacio López Martínez ... [et al.]. Catálogo general de la Biblioteca de Santander / rEduardo Ruiz Martínez - III. -- tCatálogo bibliográfico / rLuis Horacio López Domínguez con la colaboración de Ricardo Ladino Rodríguez17aSantander, Francisco de Paula-xBiblioteca-vCatálogos.17aSantander, Francisco de Paula-xArchivo-vCatálogos.17aSantander, Francisco de Paula-vBibliografías.1 aLópez Domínguez, Luis Horacio.1 aSantander, Francisco de Paula. aES-MaACLjL-32470-72